Statistics for Hack the Quiz #3

Click here to take the quiz!

General Stats

  • This quiz has been taken 350 times
  • The average score is 26 of 32

Answer Stats

CipherWord% Correct
17is
95%
28What
95%
12in
94%
20to
91%
45state
91%
64Valley?
91%
83home
89%
39be
88%
89Silicon
88%
87is
87%
09called
84%
31farthest
84%
53to
84%
58city
84%
61What
84%
75south
84%
04What
83%
50country
83%
92largest
83%
94Morocco?
83%
76Edo?
80%
97in
80%
40city
79%
69used
79%
33the
78%
77is
77%
06What
76%
22Oceania?
70%
California
67%
Casablanca
48%
Tokyo
46%
New Zealand
42%

Score Distribution

Percentile by Number Answered

Percent of People with Each Score

Your Score History

You have not taken this quiz